Nové postupy účtovania pre jednoduché účtovníctvo podnikateľov
Právna úprava., Obsah nových postupov účtovania. základné ustanovenia. Obsahové vymedzenie účtovných kníh. Postup pri otváraní a uzatváraní účtovných kníh. Zásady pre členenie majetku a záväzkov. Podrobnosti o postupoch účtovania a oceňovania majetku a záväzkov. Podrobnosti o postupoch účtovania v o...
Salvato in:
| Autore principale: | |
|---|---|
| Natura: | Capitolo di libro |
| Lingua: | slovacco |
| Soggetti: | |
| Tags: |
Nessun Tag, puoi essere il primo ad aggiungerne!!
|
MARC
| LEADER | 00000naa$a2200000$$$4500 | ||
|---|---|---|---|
| 001 | 0090024 | ||
| 005 | 20240502072014.7 | ||
| 041 | 0 | |a slo | |
| 044 | |a SK | ||
| 245 | 1 | 0 | |a Nové postupy účtovania pre jednoduché účtovníctvo podnikateľov |c Anna Baštincová |
| 520 | |a Právna úprava., Obsah nových postupov účtovania. základné ustanovenia. Obsahové vymedzenie účtovných kníh. Postup pri otváraní a uzatváraní účtovných kníh. Zásady pre členenie majetku a záväzkov. Podrobnosti o postupoch účtovania a oceňovania majetku a záväzkov. Podrobnosti o postupoch účtovania v osobitných účtovných prípadoch. Účtovná závierka. Spoločné, prechodné a záverečné ustanovenia. | ||
| 610 | 2 | 0 | |a účtovanie |
| 610 | 2 | 0 | |a knihy účtovné |
| 610 | 2 | 0 | |a majetok |
| 610 | 2 | 0 | |a záväzky |
| 610 | 2 | 0 | |a závierka účtovná |
| 100 | 1 | |a Baštincová, Anna | |